[Event "Benidorm Satellite preliminary"]
[Site "playchess.com #007036"]
[Date "2009.10.24"]
[Round "10"]
[White "Pfleger"]
[Black "Dimitri_Ovanov"]
[Result "1-0"]
[WhiteElo "1651"]
[BlackElo "1613"]
[PlyCount "129"]
[EventDate "2009.10.24"]
[EventType "swiss (blitz)"]

1. e4 {[%emt 0:00:01]} g6 {[%emt 0:00:00]} 2. d4 {[%emt 0:00:02]} Bg7 {[%emt 0:
00:00]} 3. c3 {[%emt 0:00:00]} d6 {[%emt 0:00:01]} 4. f4 {[%emt 0:00:00]} Nf6 {
[%emt 0:00:01]} 5. Bd3 {[%emt 0:00:03]} c6 {[%emt 0:00:02]} 6. Nf3 {[%emt 0:00:
01]} Na6 {[%emt 0:00:04]} 7. Bxa6 {[%emt 0:01:25]} bxa6 {[%emt 0:00:06]} 8. Qe2
{[%emt 0:00:00]} Rb8 {[%emt 0:00:06]} 9. O-O {[%emt 0:00:05]} Qb6 {[%emt 0:00:
03]} 10. Kh1 {[%emt 0:00:03]} a5 {[%emt 0:00:02]} 11. Na3 {[%emt 0:00:03]} Ba6
{[%emt 0:00:03]} 12. c4 {[%emt 0:00:01]} d5 {[%emt 0:00:05]} 13. e5 {[%emt 0:
00:04]} Ne4 {[%emt 0:00:02]} 14. Re1 {[%emt 0:00:08]} O-O {[%emt 0:00:02]} 15.
b3 {[%emt 0:00:09]} a4 {[%emt 0:00:16]} 16. Qe3 {[%emt 0:00:15]} axb3 {[%emt 0:
00:06]} 17. axb3 {[%emt 0:00:02]} Qxb3 {[%emt 0:00:03]} 18. Qxb3 {[%emt 0:00:
03]} Rxb3 {[%emt 0:00:03]} 19. cxd5 {[%emt 0:00:01]} cxd5 {[%emt 0:00:03]} 20.
Be3 {[%emt 0:00:03]} Rc8 {[%emt 0:00:20]} 21. Nd2 {[%emt 0:00:19]} Rb2 {[%emt
0:00:14]} 22. Nxe4 {[%emt 0:00:02]} dxe4 {[%emt 0:00:02]} 23. Bg1 {[%emt 0:00:
16]} Bd3 {[%emt 0:00:04]} 24. Rac1 {[%emt 0:00:03]} Rxc1 {[%emt 0:00:06]} 25.
Rxc1 {[%emt 0:00:01]} Ra2 {[%emt 0:00:04]} 26. Rc3 {[%emt 0:00:08]} Bf8 {[%emt
0:00:10]} 27. d5 {[%emt 0:00:01]} Kg7 {[%emt 0:00:21]} 28. h3 {[%emt 0:00:02]}
h5 {[%emt 0:00:02]} 29. Rb3 {[%emt 0:00:06]} a5 {[%emt 0:00:04]} 30. Nb5 {
[%emt 0:00:02]} a4 {[%emt 0:00:03]} 31. Rb4 {[%emt 0:00:01]} Ra1 {[%emt 0:00:
05]} 32. Kh2 {[%emt 0:00:02]} Bxb5 {[%emt 0:00:06]} 33. Rxb5 {[%emt 0:00:01]}
a3 {[%emt 0:00:03]} 34. Bd4 {[%emt 0:00:04]} Rd1 {[%emt 0:00:02]} 35. Bc3 {
[%emt 0:00:06]} Rxd5 {[%emt 0:00:06]} 36. Rxd5 {[%emt 0:00:02]} e6 {[%emt 0:00:
05]} 37. Rd4 {[%emt 0:00:07]} e3 {[%emt 0:00:08]} 38. Re4 {[%emt 0:00:01]} Bc5
{[%emt 0:00:02]} 39. g4 {[%emt 0:00:01]} hxg4 {[%emt 0:00:03]} 40. hxg4 {[%emt
0:00:01]} g5 {[%emt 0:00:10]} 41. f5 {[%emt 0:00:05]} exf5 {[%emt 0:00:02]} 42.
gxf5 {[%emt 0:00:01]} Kf8 {[%emt 0:00:04]} 43. Kg2 {[%emt 0:00:01]} Ke7 {[%emt
0:00:16]} 44. Kf3 {[%emt 0:00:09]} Kd7 {[%emt 0:00:01]} 45. Ke2 {[%emt 0:00:02]
} Kc6 {[%emt 0:00:02]} 46. Rc4 {[%emt 0:00:01]} Kd5 {[%emt 0:00:02]} 47. Rxc5+
{[%emt 0:00:03]} Kxc5 {[%emt 0:00:01]} 48. Kxe3 {[%emt 0:00:01]} Kc4 {[%emt 0:
00:04]} 49. Ba1 {[%emt 0:00:01]} Kd5 {[%emt 0:00:04]} 50. Kf3 {[%emt 0:00:02]}
a2 {[%emt 0:00:07]} 51. Kg4 {[%emt 0:00:02]} Ke4 {[%emt 0:00:03]} 52. Kxg5 {
[%emt 0:00:02]} Kd3 {[%emt 0:00:02]} 53. e6 {[%emt 0:00:01]} fxe6 {[%emt 0:00:
02]} 54. fxe6 {[%emt 0:00:01]} Kc2 {[%emt 0:00:00]} 55. e7 {[%emt 0:00:01]} Kb1
{[%emt 0:00:01]} 56. Bf6 {[%emt 0:00:01]} Kc2 {[%emt 0:00:01]} 57. e8=Q {[%emt
0:00:01]} Kd3 {[%emt 0:00:01]} 58. Ba1 {[%emt 0:00:01]} Kc4 {[%emt 0:00:01]}
59. Qa4+ {[%emt 0:00:01]} Kd3 {[%emt 0:00:01]} 60. Qxa2 {[%emt 0:00:01]} Ke4 {
[%emt 0:00:03]} 61. Qd2 {[%emt 0:00:03]} Kf3 {[%emt 0:00:02]} 62. Kf6 {[%emt 0:
00:02]} Kg4 {[%emt 0:00:01]} 63. Qf2 {[%emt 0:00:02]} Kh5 {[%emt 0:00:03]} 64.
Qg3 {[%emt 0:00:02]} Kh6 {[%emt 0:00:01]} 65. Qh4# {[%emt 0:00:02]} 1-0

[Event "Benidorm Satellite preliminary"]
[Site "playchess.com #007036"]
[Date "2009.10.24"]
[Round "10"]
[White "CubaChessPraxis"]
[Black "Enfanterrible"]
[Result "0-1"]
[WhiteElo "2156"]
[BlackElo "2545"]
[PlyCount "140"]
[EventDate "2009.10.24"]
[EventType "swiss (blitz)"]

1. d4 {[%emt 0:00:03]} d5 {[%emt 0:00:09]} 2. c4 {[%emt 0:00:02]} c6 {[%emt 0:
00:01]} 3. Nf3 {[%emt 0:00:01]} Nf6 {[%emt 0:00:01]} 4. Nbd2 {[%emt 0:00:01]}
e6 {[%emt 0:00:04]} 5. g3 {[%emt 0:00:02]} Bd6 {[%emt 0:00:01]} 6. Bg2 {[%emt
0:00:01]} Nbd7 {[%emt 0:00:01]} 7. O-O {[%emt 0:00:01]} O-O {[%emt 0:00:01]} 8.
b3 {[%emt 0:00:01]} Qe7 {[%emt 0:00:01]} 9. Bb2 {[%emt 0:00:02]} b6 {[%emt 0:
00:01]} 10. Qc2 {[%emt 0:00:06]} Bb7 {[%emt 0:00:01]} 11. e4 {[%emt 0:00:04]}
dxe4 {[%emt 0:00:04]} 12. Nxe4 {[%emt 0:00:02]} Nxe4 {[%emt 0:00:03]} 13. Qxe4
{[%emt 0:00:02]} Rab8 {[%emt 0:00:04]} 14. Rfe1 {[%emt 0:00:04]} c5 {[%emt 0:
00:04]} 15. d5 {[%emt 0:00:01]} Rfe8 {[%emt 0:00:43]} 16. Qg4 {[%emt 0:00:31]}
e5 {[%emt 0:00:07]} 17. Nh4 {[%emt 0:00:36]} Nf6 {[%emt 0:00:09]} 18. Qg5 {
[%emt 0:00:08]} h6 {[%emt 0:00:04]} 19. Qd2 {[%emt 0:00:04]} Bc8 {[%emt 0:00:
01]} 20. f4 {[%emt 0:00:03]} Qc7 {[%emt 0:00:11]} 21. fxe5 {[%emt 0:00:59]}
Bxe5 {[%emt 0:00:01]} 22. Nf3 {[%emt 0:00:05]} Bxb2 {[%emt 0:00:07]} 23. Rxe8+
{[%emt 0:00:04]} Nxe8 {[%emt 0:00:02]} 24. Qxb2 {[%emt 0:00:01]} Bf5 {[%emt 0:
00:07]} 25. Re1 {[%emt 0:00:01]} Nd6 {[%emt 0:00:01]} 26. Re5 {[%emt 0:00:06]}
Re8 {[%emt 0:00:08]} 27. Rxe8+ {[%emt 0:00:02]} Nxe8 {[%emt 0:00:01]} 28. Qe2 {
[%emt 0:00:01]} Nd6 {[%emt 0:00:02]} 29. Qe5 {[%emt 0:00:01]} Qd7 {[%emt 0:00:
01]} 30. Nh4 {[%emt 0:00:04]} Bb1 {[%emt 0:00:08]} 31. Nf3 {[%emt 0:00:02]} a5
{[%emt 0:00:22]} 32. a4 {[%emt 0:00:03]} Bc2 {[%emt 0:00:04]} 33. Qc3 {[%emt 0:
00:02]} Bd1 {[%emt 0:00:06]} 34. Qd3 {[%emt 0:00:02]} Bxf3 {[%emt 0:00:02]} 35.
Bxf3 {[%emt 0:00:02]} Qe7 {[%emt 0:00:01]} 36. Kf2 {[%emt 0:00:02]} f5 {[%emt
0:00:01]} 37. h4 {[%emt 0:00:04]} Qe5 {[%emt 0:00:08]} 38. h5 {[%emt 0:00:04]}
Kf7 {[%emt 0:00:01]} 39. Qe3 {[%emt 0:00:05]} Kf6 {[%emt 0:00:02]} 40. Qd3 {
[%emt 0:00:08]} Qd4+ {[%emt 0:00:13]} 41. Qxd4+ {[%emt 0:00:11]} cxd4 {[%emt 0:
00:01]} 42. Ke2 {[%emt 0:00:01]} Ke5 {[%emt 0:00:01]} 43. Kd3 {[%emt 0:00:01]}
Nb7 {[%emt 0:00:01]} 44. Kd2 {[%emt 0:00:08]} Nc5 {[%emt 0:00:01]} 45. Bd1 {
[%emt 0:00:03]} Kf6 {[%emt 0:00:07]} 46. Bf3 {[%emt 0:00:02]} g5 {[%emt 0:00:
01]} 47. hxg6 {[%emt 0:00:05]} Kxg6 {[%emt 0:00:00]} 48. d6 {[%emt 0:00:08]}
Kf6 {[%emt 0:00:01]} 49. Bc6 {[%emt 0:00:01]} Ke6 {[%emt 0:00:02]} 50. d7 {
[%emt 0:00:01]} Ke7 {[%emt 0:00:01]} 51. Bb5 {[%emt 0:00:03]} h5 {[%emt 0:00:
04]} 52. Bc6 {[%emt 0:00:01]} Kd8 {[%emt 0:00:11]} 53. Bb5 {[%emt 0:00:02]} Kc7
{[%emt 0:00:01]} 54. Bc6 {[%emt 0:00:01]} Nxb3+ {[%emt 0:00:04]} 55. Kd3 {
[%emt 0:00:02]} Kd8 {[%emt 0:00:07]} 56. Bf3 {[%emt 0:00:04]} Kxd7 {[%emt 0:00:
02]} 57. Bxh5 {[%emt 0:00:01]} Kd6 {[%emt 0:00:00]} 58. Bg6 {[%emt 0:00:06]}
Ke5 {[%emt 0:00:01]} 59. Be8 {[%emt 0:00:03]} Nc5+ {[%emt 0:00:01]} 60. Kd2 {
[%emt 0:00:01]} d3 {[%emt 0:00:01]} 61. Bc6 {[%emt 0:00:02]} Kd4 {[%emt 0:00:
01]} 62. Be8 {[%emt 0:00:04]} Nb3+ {[%emt 0:00:01]} 63. Kd1 {[%emt 0:00:02]}
Kxc4 {[%emt 0:00:02]} 64. Bf7+ {[%emt 0:00:02]} Kc3 {[%emt 0:00:01]} 65. Be6 {
[%emt 0:00:01]} Nd4 {[%emt 0:00:01]} 66. Bd7 {[%emt 0:00:02]} d2 {[%emt 0:00:
01]} 67. Bc8 {[%emt 0:00:05]} Kd3 {[%emt 0:00:01]} 68. g4 {[%emt 0:00:03]} f4 {
[%emt 0:00:01]} 69. Bf5+ {[%emt 0:00:02]} Nxf5 {[%emt 0:00:03]} 70. gxf5 {
[%emt 0:00:01]} f3 {[%emt 0:00:00] CubaChessPraxis rinde} 0-1

[Event "Benidorm Satellite preliminary"]
[Site "playchess.com #007036"]
[Date "2009.10.24"]
[Round "10"]
[White "Plamínek"]
[Black "Henrik"]
[Result "1-0"]
[WhiteElo "2069"]
[BlackElo "1883"]
[PlyCount "133"]
[EventDate "2009.10.24"]
[EventType "swiss (blitz)"]

1. e4 {[%emt 0:00:02]} d6 {[%emt 0:00:01]} 2. Bc4 {[%emt 0:00:03]} Nf6 {[%emt
0:00:03]} 3. Qe2 {[%emt 0:00:02]} e5 {[%emt 0:00:02]} 4. h3 {[%emt 0:00:02]}
Be7 {[%emt 0:00:02]} 5. Nf3 {[%emt 0:00:01]} O-O {[%emt 0:00:01]} 6. d3 {[%emt
0:00:02]} c6 {[%emt 0:00:02]} 7. a4 {[%emt 0:00:01]} a5 {[%emt 0:00:02]} 8. O-O
{[%emt 0:00:10]} Be6 {[%emt 0:00:02]} 9. Bxe6 {[%emt 0:00:05]} fxe6 {[%emt 0:
00:00]} 10. d4 {[%emt 0:00:04]} exd4 {[%emt 0:00:05]} 11. Nxd4 {[%emt 0:00:01]}
Qd7 {[%emt 0:00:09]} 12. Nc3 {[%emt 0:00:05]} e5 {[%emt 0:00:08]} 13. Nf5 {
[%emt 0:00:16]} Na6 {[%emt 0:00:02]} 14. Bg5 {[%emt 0:00:11]} Nc5 {[%emt 0:00:
21]} 15. Nxe7+ {[%emt 0:00:09]} Qxe7 {[%emt 0:00:01]} 16. Rad1 {[%emt 0:00:02]}
Qe6 {[%emt 0:00:04]} 17. f3 {[%emt 0:00:06]} h6 {[%emt 0:00:02]} 18. Be3 {
[%emt 0:00:03]} Na6 {[%emt 0:00:26]} 19. Qd2 {[%emt 0:00:06]} Nb4 {[%emt 0:00:
29]} 20. Qxd6 {[%emt 0:00:20]} Qxd6 {[%emt 0:00:00]} 21. Rxd6 {[%emt 0:00:02]}
Nxc2 {[%emt 0:00:00]} 22. Bc5 {[%emt 0:00:01]} Rfd8 {[%emt 0:00:10]} 23. Rc1 {
[%emt 0:00:03]} Nb4 {[%emt 0:00:06]} 24. Rcd1 {[%emt 0:00:03]} Rxd6 {[%emt 0:
00:07]} 25. Rxd6 {[%emt 0:00:03]} Kf7 {[%emt 0:00:01]} 26. g4 {[%emt 0:00:12]}
g5 {[%emt 0:00:06]} 27. Kf2 {[%emt 0:00:01]} Na6 {[%emt 0:00:09]} 28. Bb6 {
[%emt 0:00:07]} Ke7 {[%emt 0:00:08]} 29. Rd2 {[%emt 0:00:04]} Nb4 {[%emt 0:00:
01]} 30. Bc5+ {[%emt 0:00:12]} Kf7 {[%emt 0:00:02]} 31. b3 {[%emt 0:00:01]} Na6
{[%emt 0:00:14] Henrik bietet Remis} 32. Bb6 {[%emt 0:00:11]} Nb4 {[%emt 0:00:
05]} 33. Ke3 {[%emt 0:00:02]} Ke6 {[%emt 0:00:03]} 34. Bc5 {[%emt 0:00:03]} Na6
{[%emt 0:00:12]} 35. Rd6+ {[%emt 0:00:07]} Kf7 {[%emt 0:00:01]} 36. Ba3 {[%emt
0:00:02]} Nb4 {[%emt 0:00:11]} 37. Nb1 {[%emt 0:00:07]} Ke7 {[%emt 0:00:07]}
38. Rd1 {[%emt 0:00:08]} Ke6 {[%emt 0:00:01]} 39. Bxb4 {[%emt 0:00:10]} axb4 {
[%emt 0:00:01]} 40. Rd3 {[%emt 0:00:01]} Nd7 {[%emt 0:00:03]} 41. Rd2 {[%emt 0:
00:15]} Nc5 {[%emt 0:00:04]} 42. Rb2 {[%emt 0:00:01]} Rd8 {[%emt 0:00:06]} 43.
Nd2 {[%emt 0:00:04]} Rd3+ {[%emt 0:00:01]} 44. Ke2 {[%emt 0:00:01]} Rc3 {[%emt
0:00:03]} 45. Kd1 {[%emt 0:00:12]} Nd3 {[%emt 0:00:14]} 46. Ra2 {[%emt 0:00:02]
} Nf4 {[%emt 0:00:04]} 47. a5 {[%emt 0:00:03]} Nxh3 {[%emt 0:00:02]} 48. a6 {
[%emt 0:00:01]} bxa6 {[%emt 0:00:00]} 49. Rxa6 {[%emt 0:00:03]} Ng1 {[%emt 0:
00:04]} 50. Nc4 {[%emt 0:00:06]} Nxf3 {[%emt 0:00:03]} 51. Rxc6+ {[%emt 0:00:
02]} Ke7 {[%emt 0:00:04]} 52. Rxh6 {[%emt 0:00:04]} Rxb3 {[%emt 0:00:01]} 53.
Nb6 {[%emt 0:00:03]} Rd3+ {[%emt 0:00:02]} 54. Ke2 {[%emt 0:00:03]} Rc3 {[%emt
0:00:02]} 55. Nd5+ {[%emt 0:00:01]} Kf7 {[%emt 0:00:01]} 56. Nxc3 {[%emt 0:00:
01]} bxc3 {[%emt 0:00:01]} 57. Kd3 {[%emt 0:00:01]} c2 {[%emt 0:00:04]} 58.
Kxc2 {[%emt 0:00:01]} Nd4+ {[%emt 0:00:00]} 59. Kd3 {[%emt 0:00:01]} Ne6 {
[%emt 0:00:01]} 60. Kc4 {[%emt 0:00:06]} Nf4 {[%emt 0:00:01]} 61. Kc5 {[%emt 0:
00:03]} Kg7 {[%emt 0:00:01]} 62. Ra6 {[%emt 0:00:02]} Kf7 {[%emt 0:00:03]} 63.
Ra7+ {[%emt 0:00:02]} Kf6 {[%emt 0:00:01]} 64. Kd6 {[%emt 0:00:01]} Nd3 {[%emt
0:00:03]} 65. Ra8 {[%emt 0:00:01]} Nf4 {[%emt 0:00:03]} 66. Rf8+ {[%emt 0:00:
03]} Kg7 {[%emt 0:00:01]} 67. Rf5 {[%emt 0:00:01] Henrik gibt auf} 1-0

[Event "Benidorm Satellite preliminary"]
[Site "playchess.com #007036"]
[Date "2009.10.24"]
[Round "10"]
[White "High_me"]
[Black "Hardrock"]
[Result "1/2-1/2"]
[WhiteElo "2547"]
[BlackElo "2630"]
[PlyCount "125"]
[EventDate "2009.10.24"]
[EventType "swiss (blitz)"]

1. e4 {[%emt 0:00:01]} e5 {[%emt 0:00:02]} 2. Nf3 {[%emt 0:00:01]} Nc6 {[%emt
0:00:01]} 3. Bc4 {[%emt 0:00:01]} Bc5 {[%emt 0:00:02]} 4. c3 {[%emt 0:00:01]}
Nf6 {[%emt 0:00:01]} 5. d3 {[%emt 0:00:01]} d6 {[%emt 0:00:01]} 6. Bb3 {[%emt
0:00:05]} a6 {[%emt 0:00:02]} 7. Nbd2 {[%emt 0:00:01]} O-O {[%emt 0:00:02]} 8.
h3 {[%emt 0:00:01]} h6 {[%emt 0:00:03]} 9. Nf1 {[%emt 0:00:01]} Ba7 {[%emt 0:
00:03]} 10. Ng3 {[%emt 0:00:02]} Be6 {[%emt 0:00:04]} 11. Bc2 {[%emt 0:00:01]}
d5 {[%emt 0:00:10]} 12. O-O {[%emt 0:00:06]} dxe4 {[%emt 0:00:06]} 13. dxe4 {
[%emt 0:00:02]} Bc4 {[%emt 0:00:03]} 14. Re1 {[%emt 0:00:05]} Qxd1 {[%emt 0:00:
05]} 15. Rxd1 {[%emt 0:00:00]} Rfd8 {[%emt 0:00:01]} 16. Bd2 {[%emt 0:01:14]
Hardrock claims win on disconnect} Rd7 {[%emt 0:00:10]} 17. b3 {[%emt 0:00:05]}
Bd3 {[%emt 0:00:10]} 18. Bxd3 {[%emt 0:00:01]} Rxd3 {[%emt 0:00:02]} 19. Be1 {
[%emt 0:00:00]} Rad8 {[%emt 0:00:09]} 20. Rxd3 {[%emt 0:00:01]} Rxd3 {[%emt 0:
00:00]} 21. Kf1 {[%emt 0:00:00]} Rd7 {[%emt 0:00:10]} 22. Ke2 {[%emt 0:00:05]}
Kf8 {[%emt 0:00:09]} 23. Bd2 {[%emt 0:00:18]} a5 {[%emt 0:00:15]} 24. a4 {
[%emt 0:00:15]} Rd8 {[%emt 0:00:16]} 25. Ra2 {[%emt 0:00:06]} Bc5 {[%emt 0:00:
03]} 26. Bc1 {[%emt 0:00:01]} Nd7 {[%emt 0:00:10]} 27. Rd2 {[%emt 0:00:02]} g6
{[%emt 0:00:04]} 28. Rd5 {[%emt 0:00:03]} Kg7 {[%emt 0:00:09]} 29. Bb2 {[%emt
0:00:36]} f6 {[%emt 0:00:12]} 30. Nd2 {[%emt 0:00:16]} Ne7 {[%emt 0:00:11]} 31.
Rd3 {[%emt 0:00:01]} Nc8 {[%emt 0:00:10]} 32. Nc4 {[%emt 0:00:02]} b6 {[%emt 0:
00:04]} 33. Nf1 {[%emt 0:00:12]} Nd6 {[%emt 0:00:08]} 34. Nxd6 {[%emt 0:00:01]}
Bxd6 {[%emt 0:00:01]} 35. Rd1 {[%emt 0:00:15]} Nc5 {[%emt 0:00:03]} 36. Nd2 {
[%emt 0:00:00]} Be7 {[%emt 0:00:03]} 37. Rb1 {[%emt 0:00:03]} Nd3 {[%emt 0:00:
08]} 38. Ba1 {[%emt 0:00:03]} Nf4+ {[%emt 0:00:06]} 39. Kd1 {[%emt 0:00:04]}
Nxg2 {[%emt 0:00:03]} 40. Kc2 {[%emt 0:00:00]} Nf4 {[%emt 0:00:01]} 41. Rh1 {
[%emt 0:00:02]} Bc5 {[%emt 0:00:02]} 42. f3 {[%emt 0:00:02]} h5 {[%emt 0:00:05]
} 43. Bb2 {[%emt 0:00:01]} Kf7 {[%emt 0:00:02]} 44. Nc4 {[%emt 0:00:02]} Ke6 {
[%emt 0:00:03]} 45. Bc1 {[%emt 0:00:00]} g5 {[%emt 0:00:03]} 46. Rh2 {[%emt 0:
00:04]} h4 {[%emt 0:00:02]} 47. Bxf4 {[%emt 0:00:01]} exf4 {[%emt 0:00:02]} 48.
Rd2 {[%emt 0:00:02]} Rxd2+ {[%emt 0:00:02]} 49. Kxd2 {[%emt 0:00:00]} f5 {
[%emt 0:00:03]} 50. exf5+ {[%emt 0:00:02]} Kxf5 {[%emt 0:00:01]} 51. Kd3 {
[%emt 0:00:00]} Ke6 {[%emt 0:00:13]} 52. Nd2 {[%emt 0:00:01]} Kd5 {[%emt 0:00:
03]} 53. Ne4 {[%emt 0:00:04]} Be7 {[%emt 0:00:01]} 54. Nd2 {[%emt 0:00:01]} Bf6
{[%emt 0:00:05]} 55. Ne4 {[%emt 0:00:01]} Be7 {[%emt 0:00:01]} 56. Nd2 {[%emt
0:00:01]} c6 {[%emt 0:00:01]} 57. Ne4 {[%emt 0:00:01]} b5 {[%emt 0:00:02]} 58.
Nd2 {[%emt 0:00:06]} bxa4 {[%emt 0:00:02]} 59. bxa4 {[%emt 0:00:00]} Bd8 {
[%emt 0:00:04]} 60. Ne4 {[%emt 0:00:05]} Be7 {[%emt 0:00:02]} 61. Nd2 {[%emt 0:
00:01]} Bc5 {[%emt 0:00:02]} 62. Ne4 {[%emt 0:00:07]} Be7 {[%emt 0:00:02]} 63.
Nd2 {[%emt 0:00:01]} 1/2-1/2

[Event "Benidorm Satellite preliminary"]
[Site "playchess.com #007036"]
[Date "2009.10.24"]
[Round "10"]
[White "Pepecuenca2"]
[Black "chanwxt"]
[Result "0-1"]
[WhiteElo "2431"]
[BlackElo "2769"]
[PlyCount "136"]
[EventDate "2009.10.24"]
[EventType "swiss (blitz)"]

1. e4 {[%emt 0:00:06]} e5 {[%emt 0:00:01]} 2. Nf3 {[%emt 0:00:04]} Nc6 {[%emt
0:00:01]} 3. Bb5 {[%emt 0:00:06]} a6 {[%emt 0:00:01]} 4. Bxc6 {[%emt 0:00:01]}
dxc6 {[%emt 0:00:00]} 5. O-O {[%emt 0:00:05]} Ne7 {[%emt 0:00:01]} 6. Nxe5 {
[%emt 0:00:03]} Qd4 {[%emt 0:00:02]} 7. Qh5 {[%emt 0:00:01]} g6 {[%emt 0:00:02]
} 8. Qg5 {[%emt 0:00:01]} Bg7 {[%emt 0:00:01]} 9. Nd3 {[%emt 0:00:01]} f5 {
[%emt 0:00:01]} 10. e5 {[%emt 0:00:01]} c5 {[%emt 0:00:02]} 11. b3 {[%emt 0:00:
01]} b6 {[%emt 0:00:01]} 12. Bb2 {[%emt 0:00:02]} Qg4 {[%emt 0:00:01]} 13. Qe3
{[%emt 0:00:06]} Bb7 {[%emt 0:00:02]} 14. f3 {[%emt 0:00:03]} Qh4 {[%emt 0:00:
05]} 15. c4 {[%emt 0:00:11]} O-O-O {[%emt 0:00:04]} 16. Nf4 {[%emt 0:00:06]}
Bh6 {[%emt 0:00:39]} 17. g3 {[%emt 0:00:02]} Bxf4 {[%emt 0:00:02]} 18. gxh4 {
[%emt 0:00:23]} Bxe3+ {[%emt 0:00:02]} 19. dxe3 {[%emt 0:00:00]} Rd3 {[%emt 0:
00:01]} 20. Kf2 {[%emt 0:00:09]} Rhd8 {[%emt 0:00:07]} 21. Re1 {[%emt 0:00:04]}
Nc6 {[%emt 0:00:12]} 22. Na3 {[%emt 0:00:40]} Nb4 {[%emt 0:00:56]} 23. Re2 {
[%emt 0:00:03]} f4 {[%emt 0:00:15]} 24. e4 {[%emt 0:00:16]} Rd1 {[%emt 0:00:12]
} 25. Rxd1 {[%emt 0:00:10]} Rxd1 {[%emt 0:00:00]} 26. e6 {[%emt 0:00:04]} Nd3+
{[%emt 0:00:13]} 27. Kg2 {[%emt 0:00:05]} Kd8 {[%emt 0:00:03]} 28. Bf6+ {[%emt
0:00:03]} Ke8 {[%emt 0:00:01]} 29. Nc2 {[%emt 0:00:04]} Bc8 {[%emt 0:00:02]}
30. e7 {[%emt 0:00:05]} Rc1 {[%emt 0:00:08]} 31. Bc3 {[%emt 0:00:07]} Kxe7 {
[%emt 0:00:05]} 32. Rd2 {[%emt 0:00:01]} Ne1+ {[%emt 0:00:12]} 33. Nxe1 {[%emt
0:00:03]} Rxc3 {[%emt 0:00:00]} 34. Nd3 {[%emt 0:00:05]} Be6 {[%emt 0:00:11]}
35. Nxf4 {[%emt 0:00:01]} Rc1 {[%emt 0:00:01]} 36. Nd3 {[%emt 0:00:03]} Ra1 {
[%emt 0:00:01]} 37. Nf4 {[%emt 0:00:03]} a5 {[%emt 0:00:02]} 38. Nd3 {[%emt 0:
00:02]} a4 {[%emt 0:00:02]} 39. f4 {[%emt 0:00:06]} axb3 {[%emt 0:00:01]} 40.
axb3 {[%emt 0:00:01]} Rb1 {[%emt 0:00:00]} 41. Rb2 {[%emt 0:00:02]} Rd1 {[%emt
0:00:01]} 42. Nf2 {[%emt 0:00:02]} Rd4 {[%emt 0:00:05]} 43. Kf3 {[%emt 0:00:01]
} Kf6 {[%emt 0:00:03]} 44. Ke3 {[%emt 0:00:04]} Rd8 {[%emt 0:00:05]} 45. Nd3 {
[%emt 0:00:02]} Ra8 {[%emt 0:00:01]} 46. Kd2 {[%emt 0:00:08]} Ra1 {[%emt 0:00:
01]} 47. Kc3 {[%emt 0:00:01]} Rf1 {[%emt 0:00:02]} 48. Rf2 {[%emt 0:00:02]} Rd1
{[%emt 0:00:02]} 49. Ne5 {[%emt 0:00:04]} Rc1+ {[%emt 0:00:01]} 50. Kd2 {[%emt
0:00:03]} Rb1 {[%emt 0:00:01]} 51. Rf3 {[%emt 0:00:15]} Rb2+ {[%emt 0:00:02]}
52. Kc3 {[%emt 0:00:00]} Rxh2 {[%emt 0:00:03]} 53. Nd3 {[%emt 0:00:05]} Rxh4 {
[%emt 0:00:02]} 54. b4 {[%emt 0:00:00]} cxb4+ {[%emt 0:00:01]} 55. Kxb4 {[%emt
0:00:00]} Rh3 {[%emt 0:00:02]} 56. Rxh3 {[%emt 0:00:09]} Bxh3 {[%emt 0:00:00]}
57. Kc3 {[%emt 0:00:00]} Be6 {[%emt 0:00:02]} 58. Kd4 {[%emt 0:00:01]} h5 {
[%emt 0:00:01]} 59. Ke3 {[%emt 0:00:01]} Bxc4 {[%emt 0:00:02]} 60. Nb2 {[%emt
0:00:04]} Be6 {[%emt 0:00:01]} 61. Nd1 {[%emt 0:00:04]} b5 {[%emt 0:00:03]} 62.
Kf3 {[%emt 0:00:01]} b4 {[%emt 0:00:01]} 63. e5+ {[%emt 0:00:00]} Kf7 {[%emt 0:
00:01]} 64. Nb2 {[%emt 0:00:05]} Ke7 {[%emt 0:00:07]} 65. Nd3 {[%emt 0:00:03]}
b3 {[%emt 0:00:00]} 66. Kg3 {[%emt 0:00:03]} c5 {[%emt 0:00:01]} 67. Kf3 {
[%emt 0:00:05]} c4 {[%emt 0:00:01]} 68. Ne1 {[%emt 0:00:01]} b2 {[%emt 0:00:02]
Pepecuenca2 resigns} 0-1